|
|
|
|
| LEADER |
00000nam a2200000 a 4500 |
| 001 |
vtls010307771 |
| 003 |
SK-MaSNL |
| 005 |
20260301032020.0 |
| 008 |
240318 000 0 eng |
| 040 |
|
|
|a SNK
|b slo
|c SNK
|e AACR2
|
| 100 |
1 |
|
|a Janega, Pavol,
|d 1913-1982
|4 aut
|9 191304
|
| 245 |
1 |
0 |
|a Zeměpis pro šestý ročník základní devítileté školy
|c Pavel Janega
|
| 250 |
|
|
|a 8. vyd.
|
| 260 |
|
|
|a Praha
|b Státní pedagogické nakladatelství
|c 1961
|e Praha
|f Svoboda
|
| 300 |
|
|
|a 172 s.
|
| 999 |
|
|
|c 577678
|d 579608
|
| 952 |
|
|
|a SNK
|b SNK
|y PREZ
|7 0
|p 17A0708788
|o snkSD 20685
|i snkKIP 9273/61
|0 0
|1 0
|4 0
|d 2011-08-31
|l 0
|r 2025-12-04 00:00:00
|w 2026-02-23
|